| 000 | 00474 a2200157 4500 | ||
|---|---|---|---|
| 020 | _a0070357889 | ||
| 040 |
_aDLC _bDLC |
||
| 082 | 0 | 0 | _a658.5752 |
| 245 | 0 | 0 |
_aHandbook of solid modeling _cDonald E. LaCourse, editor in chief. |
| 260 |
_aNew York : _bMcGraw-Hill, _cc1995. |
||
| 300 |
_a1 v. (various pagings) : _bill. (some col.) ; _c29 cm. |
||
| 500 | _aIncludes indexes. | ||
| 650 | 0 | _aEngineering models. | |
| 700 | 1 | _aLaCourse, Donald E. | |
| 942 |
_cBK _k658.5752 LAC _2ddc |
||
| 999 |
_c8659 _d8659 |
||